[Event "Championnat de France des Jeunes - Pupil"]
[Site "LA ROCHE SUR YON"]
[Date "2008.04.21"]
[Round "3.4"]
[White "Pouillart, Cecile"]
[Black "Mirete, Rita"]
[Result "1-0"]
[WhiteElo "1640"]
[BlackElo "1430"]
[PlyCount "49"]

1. e4 e5 2. Nf3 Nc6 3. Bc4 Bc5 4. O-O Nf6 5. d4 exd4 6. e5 Ne4 7. Re1 d5 8.
exd6 Bf5 9. dxc7 Qxc7 10. Ng5 Qe7 11. Bxf7+ Kd7 12. Nxe4 Bxe4 13. Qg4+ Kc7 14.
Bd5 Rhf8 15. Rxe4 Qf6 16. Bf4+ Kb6 17. Bxc6 bxc6 18. a4 a5 19. Na3 Qf7 20. Qg3
Qd5 21. Rae1 Bb4 22. R1e2 c5 23. Re6+ Kb7 24. Qxg7+ Kc8 25. Qc7# 1-0

[Event "Championnat de France des Jeunes - Pupil"]
[Site "LA ROCHE SUR YON"]
[Date "2008.04.21"]
[Round "3.5"]
[White "Desarnaud, Manon"]
[Black "Savalle, Mathilde"]
[Result "1-0"]
[WhiteElo "1490"]
[BlackElo "1620"]
[PlyCount "121"]

1. c4 e5 2. Nc3 Nf6 3. e3 d5 4. d4 Nc6 5. dxe5 Nxe5 6. cxd5 Bb4 7. Qa4+ Ned7 8.
Qxb4 Nb6 9. e4 Ng4 10. f3 Ne5 11. Qd4 Qf6 12. Bd3 O-O 13. Nge2 Re8 14. Bf4 Nbd7
15. Nb5 Re7 16. Nxc7 Rb8 17. d6 Nc5 18. dxe7 Ncxd3+ 19. Kd2 Qxe7 20. Bxe5 Nxe5
21. Nd5 Qe6 22. Qxa7 Qd6 23. Rhd1 h6 24. Ke1 Nc6 25. Qa3 Qxh2 26. Ne7+ Kh7 27.
Qd6 Qxd6 28. Rxd6 Nxe7 29. b4 Be6 30. a4 Rc8 31. Rb6 Rc7 32. a5 Nc6 33. a6 bxa6
34. Raxa6 Ne5 35. b5 Bc4 36. f4 Nd3+ 37. Kd2 Nc5 38. Ra8 Nxe4+ 39. Ke3 Bd5 40.
Rd8 Nf6 41. g3 Kg6 42. Rbb8 Kf5 43. b6 Re7+ 44. Kd2 Kg4 45. Rdc8 Ne4+ 46. Kd1
Bb3+ 47. Kc1 Nxg3 48. Nxg3 Kxf4 49. Rd8 f5 50. Nxf5 Kxf5 51. Ra8 h5 52. Ra7 Re6
53. b7 Rb6 54. b8=Q Rxb8 55. Rxb8 Be6 56. Rxg7 h4 57. Rh8 h3 58. Rxh3 Kf6 59.
Rhg3 Ke5 60. Kd2 Kd5 61. R7g5+ 1-0

[Event "Championnat de France des Jeunes - Juniors"]
[Site "LA ROCHE SUR YON"]
[Date ""]
[Round "4.1"]
[White "Genzling, Alain"]
[Black "Vernay, Clovis"]
[Result "1/2-1/2"]
[WhiteElo "2281"]
[BlackElo "2348"]
[Annotator ""]

1. e4 e6 2. d4 d5 3. Nc3 dxe4 4. Nxe4 Nd7 5. Nf3 Ngf6 6. Bg5 h6 7.
Nxf6+ Nxf6 8. Bh4 c5 9. Bb5+ Bd7 10. Bxd7+ Qxd7 11. Qe2 Be7 12. O-O-O
O-O 13. dxc5 Qc6 14. Kb1 Qxc5 15. Ne5 Rfd8 16. Bxf6 Bxf6 17. Nd7 Qe7
18. Nxf6+ 1/2-1/2

[Event "Championnat de France des Jeunes - Junio"]
[Site "LA ROCHE SUR YON"]
[Date "2008.04.22"]
[Round "4.2"]
[White "Soyez, Cyril"]
[Black "Bailet, Pierre"]
[Result "1/2-1/2"]
[WhiteElo "2244"]
[BlackElo "2250"]
[PlyCount "55"]

1. g3 Nf6 2. c4 g6 3. Bg2 Bg7 4. Nc3 O-O 5. b4 c6 6. Qb3 d5 7. cxd5 Nxd5 8. Bb2
Nb6 9. d3 a5 10. bxa5 Rxa5 11. Nf3 Be6 12. Qc2 Qd7 13. Ne4 Bxb2 14. Qxb2 Rb5
15. Qd4 Rd8 16. Qxd7 Rxd7 17. O-O Bd5 18. Nc3 Bxf3 19. Bxf3 Ra5 20. Rfb1 Na4
21. Nxa4 Rxa4 22. Rb6 Na6 23. Rab1 Nc5 24. R6b4 Rxa2 25. d4 Ne6 26. Rxb7 Rxb7
27. Rxb7 Nxd4 28. Rxe7 1/2-1/2

[Event "Championnat de France des Jeunes - Junio"]
[Site "LA ROCHE SUR YON"]
[Date "2008.04.22"]
[Round "4.3"]
[White "Congiu, Mathilde"]
[Black "Forgues, Fabien"]
[Result "1/2-1/2"]
[WhiteElo "2190"]
[BlackElo "2162"]
[PlyCount "87"]

1. e4 e5 2. Nf3 Nc6 3. Bc4 Bc5 4. c3 Nf6 5. d3 d6 6. Nbd2 a6 7. Bb3 Ba7 8. Nf1
Ne7 9. Ng3 Ng6 10. O-O O-O 11. h3 c6 12. Re1 h6 13. d4 Qc7 14. Be3 Re8 15. Qd2
d5 16. dxe5 Nxe4 17. Nxe4 dxe4 18. Bxa7 exf3 19. Qd6 Qxd6 20. exd6 Be6 21. Bb6
Nf8 22. Bxe6 Rxe6 23. Rxe6 fxe6 24. gxf3 Nd7 25. Bc7 Rf8 26. Kg2 Rf5 27. Re1
Kf7 28. h4 g5 29. Rh1 Kg6 30. Bd8 Rf8 31. Be7 Rg8 32. hxg5 hxg5 33. Kf1 Kf5 34.
Ke2 Ne5 35. Rh6 Nd7 36. Ke3 e5 37. b4 a5 38. bxa5 Ra8 39. Rh5 Rxa5 40. Rxg5+
Ke6 41. Bd8 Rxa2 42. Rg6+ Kd5 43. Bc7 c5 44. Rg7 1/2-1/2

[Event "Championnat de France des Jeunes - Junio"]
[Site "LA ROCHE SUR YON"]
[Date "2008.04.22"]
[Round "4.4"]
[White "Brethes, Francois"]
[Black "Leroy, Olivier"]
[Result "1/2-1/2"]
[WhiteElo "2198"]
[BlackElo "2028"]
[PlyCount "85"]

1. d4 Nf6 2. Nf3 g6 3. c3 Bg7 4. Bg5 c5 5. dxc5 Qc7 6. Nbd2 Qxc5 7. e4 d6 8.
Be2 O-O 9. O-O Be6 10. Be3 Qc7 11. Nd4 Bd7 12. f4 a6 13. f5 Nc6 14. Qe1 d5 15.
fxg6 hxg6 16. e5 Nxe5 17. Bf4 Ne4 18. Nxe4 dxe4 19. Qg3 Qc5 20. b4 Qd5 21. Rad1
Nd3 22. Bxd3 exd3 23. Be3 Rac8 24. Rxd3 Bb5 25. Nf5 Qe5 26. Qxe5 Bxe5 27. Nxe7+
Kg7 28. Rd5 Bxh2+ 29. Kxh2 Bxf1 30. Nxc8 Rxc8 31. Rd7 Bc4 32. Bd4+ Kh6 33. a3
b5 34. Ra7 Rc6 35. Kg3 Kg5 36. Re7 Be6 37. Re8 Kf5 38. Rh8 Ke4 39. Rh4+ Kd3 40.
Rh1 Kc2 41. Kf4 Bc4 42. g3 Re6 43. Ra1 1/2-1/2

[Event "Championnat de France des Jeunes - Junio"]
[Site "LA ROCHE SUR YON"]
[Date "2008.04.22"]
[Round "4.5"]
[White "Tarchichi, Paul"]
[Black "Ferrier, David"]
[Result "1/2-1/2"]
[WhiteElo "2131"]
[BlackElo "1995"]
[PlyCount "61"]

1. Nf3 c5 2. g3 Nf6 3. Bg2 Nc6 4. c4 d5 5. O-O g6 6. cxd5 Nxd5 7. d4 cxd4 8.
Nxd4 Bg7 9. Nxc6 bxc6 10. e4 Nb4 11. Qa4 Qb6 12. Nc3 O-O 13. Be3 Qb8 14. Rfd1
a5 15. a3 Na6 16. Qxc6 Be6 17. Rab1 Bg4 18. f3 Be6 19. Nd5 Bxd5 20. Qxd5 a4 21.
Qd7 Qb3 22. Qd3 Rab8 23. Qxb3 Rxb3 24. Bd4 Rfb8 25. e5 Nc7 26. f4 Nb5 27. Bc5
Nc3 28. Bxe7 Nxb1 29. Rxb1 Rxb2 30. Rxb2 Rxb2 31. Bc6 1/2-1/2

[Event "Championnat de France des Jeunes - Junio"]
[Site "LA ROCHE SUR YON"]
[Date "2008.04.23"]
[Round "4.1"]
[White "Magnin, Segolene"]
[Black "Huisman, Camille"]
[Result "1/2-1/2"]
[WhiteElo "1799"]
[BlackElo "1613"]
[PlyCount "83"]

1. e4 e5 2. Nc3 Nf6 3. f4 d5 4. exd5 Nxd5 5. Nxd5 Qxd5 6. fxe5 Qxe5+ 7. Be2 Be6
8. d4 Qd6 9. Nf3 Nd7 10. c3 g6 11. Be3 Bg7 12. Qd2 O-O 13. O-O Nf6 14. Bf4 Qb6
15. Bd3 Rad8 16. Be5 c5 17. dxc5 Qxc5+ 18. Bd4 Qd6 19. b3 b6 20. Rad1 Rfe8 21.
Qc2 Bd5 22. g3 Ng4 23. Bc4 Bxd4+ 24. Rxd4 Ne3 25. Qd3 Bxc4 26. bxc4 Qb8 27. Re1
Rxd4 28. cxd4 Nf5 29. Rxe8+ Qxe8 30. Kf2 Nd6 31. Nd2 Qe6 32. Qe2 Qf6+ 33. Nf3
h5 34. a4 Qe6 35. Qxe6 fxe6 36. Ne5 Kg7 37. Ke3 Kf6 38. Kd3 Kf5 39. Kc3 a5 40.
Nd7 Nc8 41. Ne5 Nd6 42. Nd7 1/2-1/2

[Event "Championnat de France des Jeunes - Junio"]
[Site "LA ROCHE SUR YON"]
[Date "2008.04.23"]
[Round "4.1"]
[White "Belloc, Sidonie"]
[Black "Swiercz, Sarah"]
[Result "1-0"]
[WhiteElo "1789"]
[BlackElo "1420"]
[PlyCount "63"]

1. e4 e6 2. d4 d5 3. e5 c5 4. c3 Nc6 5. Nf3 Qb6 6. Bd3 cxd4 7. cxd4 Bb4+ 8. Nc3
Nxd4 9. Nxd4 Qxd4 10. Bb5+ Bd7 11. Bxd7+ Kxd7 12. Qxd4 Bxc3+ 13. Qxc3 Rc8 14.
Qd3 Ne7 15. Be3 b6 16. O-O Nc6 17. f4 Nb4 18. Qb5+ Nc6 19. Rac1 Rc7 20. Rc2
Rhc8 21. Rfc1 f6 22. Rxc6 Rxc6 23. Rxc6 Rxc6 24. Qa4 a5 25. Bxb6 fxe5 26. fxe5
g5 27. Bxa5 h5 28. Kf2 g4 29. g3 d4 30. Qxd4+ Ke8 31. Qd8+ Kf7 32. Qd7+ 1-0

[Event "Championnat de France des Jeunes - Junio"]
[Site "LA ROCHE SUR YON"]
[Date "2008.04.23"]
[Round "4.1"]
[White "Dolz, Elisabeth"]
[Black "Choisy, Mathilde"]
[Result "1/2-1/2"]
[WhiteElo "1710"]
[BlackElo "2094"]
[PlyCount "53"]

1. e4 e5 2. Nf3 Nc6 3. Nc3 Nf6 4. d4 d6 5. Bb5 Bd7 6. d5 Nb8 7. Be2 Be7 8. h3
O-O 9. Be3 Kh8 10. Nh2 Ng8 11. g4 Bg5 12. Qd3 Qf6 13. O-O-O Na6 14. Kb1 Bxe3
15. fxe3 Nc5 16. Qd2 Qg6 17. Bd3 Nf6 18. Qg2 Nxd3 19. Rxd3 b5 20. h4 h6 21. g5
b4 22. Qf2 Nxe4 23. Nxe4 Qxe4 24. Rdd1 h5 25. Rhg1 a5 26. Nf1 Qc4 27. Ng3
1/2-1/2

[Event "Championnat de France des Jeunes - Junio"]
[Site "LA ROCHE SUR YON"]
[Date "2008.04.23"]
[Round "4.1"]
[White "Bismuth, Lea"]
[Black "Vidal, Marguerite"]
[Result "1-0"]
[WhiteElo "1930"]
[BlackElo "1380"]
[PlyCount "73"]

1. e4 e5 2. Nc3 Nf6 3. f4 Nc6 4. fxe5 Nxe5 5. d4 Ng6 6. e5 Ng8 7. Nf3 Bb4 8.
Bd3 N8e7 9. O-O d6 10. exd6 Qxd6 11. Ne4 Qb6 12. c3 Bd6 13. Nfg5 O-O 14. Nxh7
Bf5 15. Nxf8 Rxf8 16. Qh5 Bxe4 17. Bxe4 c6 18. b3 Qb5 19. Qxb5 cxb5 20. Bxb7 a5
21. Bb2 Rb8 22. Be4 Nf4 23. g3 Nfd5 24. Bd3 b4 25. c4 Nc3 26. Rae1 Nc6 27. c5
Be7 28. Bc4 Nxd4 29. Rxe7 Kh7 30. Rfxf7 Rg8 31. Rf4 Nde2+ 32. Bxe2 Nxe2+ 33.
Rxe2 g5 34. Rf6 g4 35. Re7+ Rg7 36. Rxg7+ Kxg7 37. Kf2 1-0

[Event "Championnat de France des Jeunes - Cadets"]
[Site "LA ROCHE SUR YON"]
[Date ""]
[Round "4.1"]
[White "Stephan, Victor"]
[Black "Guilleux, Fabien"]
[Result "1/2-1/2"]
[WhiteElo "2094"]
[BlackElo "2391"]
[Annotator ""]

1. d4 Nf6 2. c4 g6 3. Nc3 Bg7 4. e4 d6 5. Be2 O-O 6. Nf3 e5 7. dxe5
dxe5 8. Qxd8 Rxd8 9. Bg5 Nbd7 10. O-O-O Rf8 11. Ne1 a5 12. f3 b6 13.
Nc2 Ra7 14. Rd2 c6 15. Rhd1 Re8 16. Be3 Bf8 17. Kb1 Nh5 18. g3 Ng7 19.
Bf1 Nc5 20. Rd8 Be7 21. Rxe8+ Nxe8 22. b3 Be6 23. Ne1 Nc7 24. Nd3 Nd7
25. Nf2 Bc5 26. Bxc5 Nxc5 27. Rd6 Bd7 28. Kc2 Kf8 29. Rd2 Ke7 30. Nd3
Nxd3 31. Rxd3 Ne6 32. Ne2 Nc5 33. Rd1 Be6 34. Nc1 f6 35. Nd3 Na6 36.
Kb2 Rd7 37. Be2 Rd4 38. Nc1 Rxd1 39. Bxd1 Nc5 40. Kc3 Kd6 41. Nd3 Nxd3
42. Kxd3 b5 43. cxb5 cxb5 44. a3 Kc5 45. Kc3 b4+ 46. axb4+ axb4+ 47.
Kd3 Bd7 48. Ke3 Bb5 49. Bc2 1/2-1/2

[Event "Championnat de France des Jeunes - Cadet"]
[Site "LA ROCHE SUR YON"]
[Date "2008.04.22"]
[Round "4.2"]
[White "Delorme, Axel"]
[Black "Favarel, Antoine"]
[Result "1-0"]
[WhiteElo "2377"]
[BlackElo "2065"]
[PlyCount "89"]

1. e4 c5 2. Nf3 Nc6 3. Bb5 g6 4. O-O Bg7 5. c3 Nf6 6. Qa4 O-O 7. d4 cxd4 8.
cxd4 Nb8 9. e5 Nd5 10. Nc3 Nxc3 11. bxc3 d5 12. exd6 exd6 13. Bf4 Bg4 14. Nd2
d5 15. Rfe1 Nc6 16. Bxc6 bxc6 17. Nb3 Bd7 18. Nc5 Re8 19. Bd6 Bf8 20. Bxf8 Kxf8
21. Reb1 Bf5 22. Rb7 Bc8 23. Rxa7 Rxa7 24. Qxa7 Qg5 25. Qa3 Kg7 26. Qc1 Qh5 27.
a4 Qe2 28. a5 Ba6 29. h3 Ra8 30. Qe3 Qxe3 31. fxe3 Kf6 32. Nxa6 Rxa6 33. Kf2
Ke6 34. Ke2 Kd6 35. Kf3 c5 36. Kf4 h6 37. h4 c4 38. g4 Ke6 39. e4 f6 40. exd5+
Kxd5 41. h5 gxh5 42. gxh5 Ke6 43. Ke4 f5+ 44. Kf4 Kf6 45. d5 1-0

[Event "Championnat de France des Jeunes - Cadet"]
[Site "LA ROCHE SUR YON"]
[Date "2008.04.22"]
[Round "4.3"]
[White "Blum, Nicolas"]
[Black "Migot, Tanguy"]
[Result "1/2-1/2"]
[WhiteElo "2180"]
[BlackElo "2023"]
[PlyCount "112"]

1. e4 c5 2. Nf3 d6 3. Bb5+ Bd7 4. Bxd7+ Qxd7 5. O-O Nc6 6. c3 Nf6 7. Qe2 e6 8.
d4 cxd4 9. cxd4 d5 10. e5 Ne4 11. Be3 Be7 12. Ne1 h6 13. f3 Ng5 14. Nd3 O-O 15.
Nc3 Nh7 16. Qf2 Na5 17. b3 Rac8 18. Ne2 Qb5 19. Ndf4 Rc2 20. Rfc1 Rfc8 21. Qe1
Ba3 22. Rxc2 Rxc2 23. Qd1 Rc8 24. Nh5 Nc6 25. Bc1 Bxc1 26. Rxc1 Ne7 27. Rxc8+
Nxc8 28. g4 Ne7 29. f4 Qc6 30. Kg2 Qc8 31. Qd2 Kh8 32. Nhg3 Nc6 33. f5 Qd8 34.
fxe6 fxe6 35. Kf2 Qg5 36. Qxg5 Nxg5 37. h4 Nh7 38. Nh5 Kg8 39. Nhf4 Kf7 40. Kf3
g6 41. Ke3 Nf8 42. Nc3 a6 43. Na4 Nd7 44. Nd3 b6 45. b4 Ne7 46. Nc3 h5 47. gxh5
gxh5 48. Nf4 Nf5+ 49. Kd3 Nxh4 50. Ncxd5 exd5 51. e6+ Ke7 52. exd7 Kxd7 53.
Nxd5 Nf3 54. Nf6+ Kc6 55. Nxh5 Kb5 56. Kc3 Nxd4 1/2-1/2

[Event "Championnat de France des Jeunes - Cadet"]
[Site "LA ROCHE SUR YON"]
[Date "2008.04.22"]
[Round "4.4"]
[White "Scalia, Jerome"]
[Black "Li, Frederic"]
[Result "0-1"]
[WhiteElo "1883"]
[BlackElo "2176"]
[PlyCount "82"]

1. d4 Nf6 2. Nf3 g6 3. g3 Bg7 4. Bg2 O-O 5. O-O c6 6. b3 d5 7. Bb2 Nbd7 8. Nbd2
b6 9. c4 Bb7 10. Rc1 Rc8 11. Qc2 e6 12. Qb1 c5 13. e3 Qe7 14. Qa1 Rfd8 15. Rfd1
Ba8 16. Ne5 Nxe5 17. dxe5 Nd7 18. f4 Nf8 19. Kf2 Bc6 20. a4 Qb7 21. Nf3 Qe7 22.
Nd2 Nd7 23. Nf3 Nb8 24. cxd5 exd5 25. Rd2 Na6 26. Bc3 Bb7 27. Rcd1 Nc7 28. Bf1
a6 29. Rc1 Ra8 30. Qa3 Bf8 31. Ra2 b5 32. Ba5 Qd7 33. Qb2 Rdc8 34. Qa1 Bc6 35.
Bb6 bxa4 36. bxa4 Ne6 37. Bh3 d4 38. Bxc5 Bxf3 39. Bxf8 Rxc1 40. Qxc1 Rxf8 41.
Kxf3 Qd5+ 0-1

[Event "Championnat de France des Jeunes - Cadet"]
[Site "LA ROCHE SUR YON"]
[Date "2008.04.22"]
[Round "4.5"]
[White "Valles, Manuel"]
[Black "Barre, Yann"]
[Result "1/2-1/2"]
[WhiteElo "2117"]
[BlackElo "1957"]
[PlyCount "27"]

1. e4 c5 2. Nf3 Nc6 3. Nc3 g6 4. d4 cxd4 5. Nxd4 Bg7 6. Be3 d6 7. Qd2 Nf6 8. f3
Bd7 9. O-O-O Rc8 10. Kb1 a6 11. Bh6 Nxe4 12. Nxe4 Bxd4 13. c3 Be5 14. g4
1/2-1/2

[Event "Championnat de France des Jeunes - Cadettes"]
[Site "LA ROCHE SUR YON"]
[Date ""]
[Round "4.1"]
[White "Forestier, Carole"]
[Black "Richard, Emma"]
[Result "1-0"]
[WhiteElo "2037"]
[BlackElo "1985"]
[Annotator ""]

1. d4 Nf6 2. c4 e6 3. Nf3 Bb4+ 4. Bd2 Qe7 5. g3 Nc6 6. Bg2 Bxd2+ 7.
Nbxd2 a5 8. O-O O-O 9. e4 e5 10. d5 Nb4 11. Qe2 d6 12. a3 Na6 13. b4
Bd7 14. Rfb1 Ng4 15. Ne1 axb4 16. axb4 f5 17. Nd3 Nf6 18. Re1 c6 19.
dxc6 bxc6 20. exf5 Bxf5 21. b5 Bxd3 22. Qxd3 Nc5 23. Qc2 Rxa1 24. Rxa1
cxb5 25. cxb5 Rb8 26. Nb3 Nxb3 27. Qxb3+ Qf7 28. Qb4 Qe8 29. Bc6 Qxc6
30. bxc6 Rxb4 31. c7 Rc4 32. Ra8+ Kf7 33. c8Q Rxc8 34. Rxc8 g5 35. h3
Ke6 36. Kf1 e4 37. Ke2 d5 38. Rc7 Nd7 39. Ke3 Kd6 40. Ra7 h5 41. Kd4
Nf6 42. Ra6+ Ke7 43. Ke5 Ne8 44. Ra7+ Kf8 45. Kxd5 g4 46. h4 Nf6+ 47.
Ke6 Ng8 48. Ra1 1-0

[Event "Championnat de France des Jeunes - Cadet"]
[Site "LA ROCHE SUR YON"]
[Date "2008.04.23"]
[Round "4.2"]
[White "Leriquier, Claire"]
[Black "Brih, Touatia"]
[Result "0-1"]
[WhiteElo "1890"]
[BlackElo "1956"]
[PlyCount "32"]

1. c4 Nf6 2. Nc3 c5 3. g3 g6 4. Bg2 Bg7 5. e3 d6 6. Nge2 O-O 7. O-O Nc6 8. Re1
Ne5 9. d3 Bg4 10. Bxb7 Nf3+ 11. Bxf3 Bxf3 12. h3 Qd7 13. Kh2 Ng4+ 14. hxg4 Qxg4
15. Nf4 Bxd1 16. Rxd1 Bxc3 0-1

[Event "Championnat de France des Jeunes - Cadet"]
[Site "LA ROCHE SUR YON"]
[Date "2008.04.23"]
[Round "4.3"]
[White "Peyre, Camille"]
[Black "Le Bail, Clara"]
[Result "1/2-1/2"]
[WhiteElo "1831"]
[BlackElo "2012"]
[PlyCount "145"]

1. d4 d5 2. c4 c6 3. cxd5 cxd5 4. Nf3 Nf6 5. Nc3 Nc6 6. Bf4 Bf5 7. e3 e6 8. Ne5
Nxe5 9. Bxe5 Nd7 10. Qa4 a6 11. Bg3 Be7 12. Be2 O-O 13. O-O b5 14. Qd1 Qa5 15.
Bd3 Bxd3 16. Qxd3 Rfc8 17. e4 b4 18. Ne2 dxe4 19. Qxe4 Nf6 20. Qd3 Nd5 21. Nf4
Nxf4 22. Bxf4 Qd5 23. Rfc1 Rd8 24. Rd1 Bf6 25. Qg3 Bxd4 26. h3 f6 27. Rac1 Rac8
28. Bh6 g6 29. Bf4 e5 30. Be3 Rxc1 31. Rxc1 Bxb2 32. Rc7 Qd6 33. Rb7 Qc6 34.
Rb6 Rd1+ 35. Kh2 Qe8 36. Qf3 Qd8 37. Rxa6 Kg7 38. Qb7+ Rd7 39. Qxb4 Bd4 40. Qb3
Qc8 41. Ra4 Bxe3 42. Qxe3 Qc7 43. g3 Qd6 44. Ra7 Kf7 45. Qb3+ Kg7 46. Ra8 Rf7
47. Rb8 Qd4 48. Qb2 Rd7 49. Rb7 Qd5 50. Rxd7+ Qxd7 51. Qc2 f5 52. a4 Qa7 53.
Kg2 Kf6 54. Qc6+ Ke7 55. Qb5 Kd6 56. h4 Qc5 57. Qe2 Qc6+ 58. f3 Qxa4 59. Qd3+
Qd4 60. Qa3+ Qc5 61. Qa6+ Qc6 62. Qd3+ Ke7 63. Qa3+ Qd6 64. Qa7+ Qd7 65. Qc5+
Ke6 66. Qb6+ Kf7 67. Qb3+ Kg7 68. Qb2 Qd4 69. Qb7+ Kh6 70. Qe7 e4 71. Qg5+ Kg7
72. Qe7+ Kg8 73. Qe8+ 1/2-1/2

[Event "Championnat de France des Jeunes - Cadet"]
[Site "LA ROCHE SUR YON"]
[Date "2008.04.23"]
[Round "4.4"]
[White "Genzling, Sylvie"]
[Black "Garma, Jovanka"]
[Result "1-0"]
[WhiteElo "1955"]
[BlackElo "1770"]
[PlyCount "57"]

1. d4 d5 2. c4 c6 3. Nf3 Nf6 4. e3 e6 5. Nc3 Nbd7 6. Qc2 dxc4 7. Bxc4 c5 8. O-O
Be7 9. b3 a6 10. a4 b6 11. Bb2 Bb7 12. Qe2 Qc7 13. Rfd1 Rd8 14. Bxa6 Nd5 15.
Bxb7 Qxb7 16. Nb5 N7f6 17. Rac1 Rg8 18. dxc5 Bxc5 19. e4 Nb4 20. Rxd8+ Kxd8 21.
Qd2+ Qd7 22. Qg5 Qe7 23. Rd1+ Ke8 24. Qf4 Nc6 25. Ne5 Nxe5 26. Bxe5 Nd7 27. Bd6
g5 28. Nc7+ Kd8 29. Bxe7+ 1-0

[Event "Championnat de France des Jeunes - Cadet"]
[Site "LA ROCHE SUR YON"]
[Date "2008.04.23"]
[Round "4.5"]
[White "Armas, Lara-Maria"]
[Black "Hedouin, Priscillia"]
[Result "1-0"]
[WhiteElo "1891"]
[BlackElo "1470"]
[PlyCount "139"]

1. d4 e6 2. c4 d5 3. Nc3 Nf6 4. Bg5 Be7 5. e3 O-O 6. Nf3 h6 7. Bxf6 Bxf6 8. Qc2
c5 9. cxd5 cxd4 10. Nxd4 Bxd4 11. exd4 exd5 12. Be2 Qg5 13. O-O Bh3 14. Bf3 Nc6
15. Rad1 Ne7 16. Qd2 Qxd2 17. Rxd2 Be6 18. Rc1 Rac8 19. Rdc2 Bf5 20. Re2 Be6
21. Ree1 Rfe8 22. Ne2 Rxc1 23. Rxc1 Rc8 24. Rxc8+ Nxc8 25. Kf1 Kf8 26. Nc3 Ne7
27. Ke2 Ke8 28. Nb5 Nf5 29. g4 Ne7 30. Nd6+ Kd7 31. Nxb7 Kc7 32. Nc5 Nc6 33.
Ke3 Kd6 34. a3 a5 35. Bd1 f6 36. Nxe6 Kxe6 37. Ba4 Ne7 38. b4 axb4 39. axb4 Nc8
40. Bc2 Nb6 41. Bd3 g5 42. Kd2 Kd6 43. Kc3 Na4+ 44. Kb3 Nb6 45. b5 Kc7 46. Kb4
Nd7 47. Bf5 Nb6 48. Kc5 Kb7 49. Kd6 Na4 50. Kxd5 Kb6 51. Ke6 Kxb5 52. d5 Nc5+
53. Kxf6 Kb6 54. Kg6 Kc7 55. Kxh6 Kd6 56. Kxg5 Kxd5 57. h4 Ne6+ 58. Bxe6+ Kxe6
59. Kg6 Ke5 60. h5 Kf4 61. h6 Kxg4 62. h7 Kf3 63. h8=Q Kxf2 64. Qc3 Ke2 65. Kf5
Kf2 66. Qd3 Kg2 67. Kf4 Kh2 68. Qg3+ Kh1 69. Qg4 Kh2 70. Kf3 1-0

[Event "Championnat de France des Jeunes - Minimes"]
[Site "LA ROCHE SUR YON"]
[Date ""]
[Round "4.1"]
[White "Martin, Cedric"]
[Black "Sochacki, Wojtek"]
[Result "0-1"]
[WhiteElo "2125"]
[BlackElo "2245"]
[Annotator ""]

1. e4 d5 2. exd5 Qxd5 3. Nc3 Qd6 4. d4 Nf6 5. Nf3 a6 6. g3 g6 7. Bg2
Bg7 8. O-O O-O 9. Re1 c6 10. a3 a5 11. Bg5 h6 12. Bf4 Qd8 13. Qd2 Kh7
14. Rad1 Be6 15. Qe2 Nd5 16. Nxd5 cxd5 17. Be5 Nd7 18. Bxg7 Kxg7 19.
Ne5 Ra6 20. Nd3 Nf6 21. Qd2 Rc6 22. Nc5 Bc8 23. Rc1 b6 24. Nd3 Bf5 25.
Ne5 Rd6 26. Qe2 Be4 27. Bh3 Nh7 28. f3 Ng5 29. Bg2 Bf5 30. Nd3 Re8 31.
Qe5+ Kg8 32. Nf4 f6 33. Qe3 Kf7 34. Qb3 Ne6 35. Ne2 h5 36. Red1 Kg7
37. Qe3 b5 38. h3 Ng5 39. g4 hxg4 40. hxg4 Be6 41. Kf2 Bf7 42. f4 Re6
43. Qd3 Ne4+ 44. Bxe4 Rxe4 45. Qxb5 Qc8 46. Rg1 Rh8 47. Qd3 Rh2+ 48.
Rg2 Rxg2+ 49. Kxg2 Qxg4+ 50. Kf2 Rxf4+ 51. Ke1 Rf3 52. Qb5 g5 53. Kd2
Rf2 54. Qd3 Rf3 55. Qb5 Qe4 56. Re1 Qe3+ 57. Kd1 Rf2 58. Qxa5 Bh5 59.
Qd2 Rxe2 60. Rxe2 Qg1+ 61. Qe1 Qxd4+ 62. Kc1 Bxe2 63. Qxe2 e5 64. c3
Qf4+ 65. Kb1 g4 66. Qb5 g3 67. Qxd5 Qf1+ 68. Ka2 g2 69. Qd7+ Kh6 70.
Qh3+ Kg5 71. Qg3+ Kf5 72. Qh3+ Kf4 73. Qh6+ Ke4 74. Qg6+ f5 75. Qc6+
Ke3 76. Qc5+ Kf3 77. Qd5+ Kf4 78. Qd2+ Kg4 0-1

[Event "Championnat de France des Jeunes - Minim"]
[Site "LA ROCHE SUR YON"]
[Date "2008.04.22"]
[Round "4.2"]
[White "Song, Julien"]
[Black "Dubessay, Bastien"]
[Result "1/2-1/2"]
[WhiteElo "2214"]
[BlackElo "2097"]
[PlyCount "42"]

1. Nf3 Nf6 2. c4 g6 3. Nc3 Bg7 4. g3 O-O 5. Bg2 d6 6. O-O e5 7. d3 Nc6 8. Rb1
a5 9. Bg5 h6 10. Bxf6 Bxf6 11. Ne1 Ne7 12. Qb3 c6 13. Nc2 Rb8 14. Ne3 Be6 15.
Ne4 Bg7 16. Qa3 Nc8 17. b4 f5 18. Nc3 axb4 19. Rxb4 Qc7 20. Qb3 Rf7 21. a4 f4
1/2-1/2

[Event "Championnat de France des Jeunes - Minim"]
[Site "LA ROCHE SUR YON"]
[Date "2008.04.22"]
[Round "4.3"]
[White "Velten, Paul"]
[Black "Massoni, Michael"]
[Result "0-1"]
[WhiteElo "2085"]
[BlackElo "2176"]
[PlyCount "63"]

1. d4 Nf6 2. Nf3 g6 3. Bg5 Bg7 4. Nbd2 O-O 5. e4 c5 6. c3 d6 7. dxc5 dxc5 8.
Bc4 Nc6 9. Qc2 Qc7 10. O-O a6 11. a4 Na5 12. Rfe1 e5 13. h3 b6 14. b4 Nxc4 15.
Nxc4 Be6 16. Ncxe5 cxb4 17. Rac1 Rac8 18. c4 a5 19. Bf4 Qb7 20. Nd4 Rfe8 21.
Nb5 Red8 22. f3 Qe7 23. Kh1 Nh5 24. Bh2 Qg5 25. Ng4 Rxc4 26. Qb1 Rxc1 27. Qxc1
Qxc1 28. Rxc1 b3 29. Bc7 b2 30. Re1 Rd2 31. e5 Rc2 32. Na3 0-1

[Event "Championnat de France des Jeunes - Minim"]
[Site "LA ROCHE SUR YON"]
[Date "2008.04.22"]
[Round "4.4"]
[White "Nord, Antoine"]
[Black "Buscara, Sevan"]
[Result "0-1"]
[WhiteElo "1821"]
[BlackElo "2146"]
[PlyCount "78"]

1. e4 d5 2. exd5 Qxd5 3. Nc3 Qa5 4. Bc4 Nf6 5. d3 Bg4 6. f3 Bd7 7. Qe2 Nc6 8.
Bd2 Nd4 9. Qd1 Qb6 10. Nge2 Nf5 11. Ne4 e6 12. N2g3 Nxe4 13. Nxe4 Be7 14. Bc3
O-O 15. Qe2 a5 16. O-O-O Qa7 17. d4 c6 18. Nc5 Bc8 19. g4 Nxd4 20. Bxd4 Bxc5
21. Qe5 Bxd4 22. Rxd4 b5 23. Be2 b4 24. Rhd1 Ba6 25. Rd7 Qb6 26. Bxa6 Qxa6 27.
Qc7 a4 28. Rd8 Raxd8 29. Rxd8 Qf1+ 30. Kd2 Qf2+ 31. Kc1 Qe3+ 32. Rd2 c5 33. Qa5
a3 34. bxa3 bxa3 35. Kd1 Qxf3+ 36. Ke1 Qh1+ 37. Kf2 Qxh2+ 38. Kf3 Qh3+ 39. Kf4
e5+ 0-1

[Event "Championnat de France des Jeunes - Minim"]
[Site "LA ROCHE SUR YON"]
[Date "2008.04.22"]
[Round "4.5"]
[White "Graca, Robert"]
[Black "Samoun, Florent"]
[Result "1/2-1/2"]
[WhiteElo "2103"]
[BlackElo "1987"]
[PlyCount "113"]

1. d4 d5 2. c4 c6 3. cxd5 cxd5 4. Nf3 Nf6 5. Nc3 Nc6 6. Ne5 Qb6 7. Nxc6 bxc6 8.
g3 Bf5 9. Bg2 e6 10. O-O Be7 11. b3 O-O 12. Bb2 Rac8 13. Rc1 Rfe8 14. e3 Bg6
15. Qe2 Nd7 16. Rfd1 c5 17. Na4 Qb8 18. dxc5 Nxc5 19. Nxc5 Rxc5 20. Rxc5 Bxc5
21. Rc1 Bb6 22. Qb5 Rc8 23. Rc6 Qb7 24. Rc3 h6 25. Qb4 Rxc3 26. Qxc3 f6 27. Bh3
Kf7 28. Qb4 Qc6 29. Ba3 Kg8 30. Qe7 Bf5 31. Bxf5 exf5 32. h4 Kh7 33. Qf7 Bc5
34. Bb2 Qd6 35. h5 d4 36. Qg6+ Kh8 37. Qe8+ Kh7 38. Qg6+ Kh8 39. Bxd4 Bxd4 40.
exd4 Qxd4 41. Qxf5 Qa1+ 42. Kg2 Qxa2 43. b4 Qa4 44. Qc5 Qd7 45. b5 Kg8 46. Qc6
Qd4 47. Qe8+ Kh7 48. f3 Qd2+ 49. Kh3 Qa5 50. Qc6 Qa1 51. Qe4+ Kh8 52. Kg4 Qa5
53. Qe8+ Kh7 54. Qe4+ Kh8 55. Qd5 Kh7 56. Kf5 a6 57. Qe4 1/2-1/2

[Event "Championnat de France des Jeunes - Minimettes"]
[Site "LA ROCHE SUR YON"]
[Date ""]
[Round "4.1"]
[White "Forgues, Valerie"]
[Black "Hourlier, Claire"]
[Result "1/2-1/2"]
[WhiteElo "1970"]
[BlackElo "1907"]
[Annotator ""]

1. e4 c5 2. Nf3 Nc6 3. d4 cxd4 4. Nxd4 g6 5. Nc3 Bg7 6. Be3 Nf6 7. Bc4
Qa5 8. O-O O-O 9. Bb3 d6 10. h3 Bd7 11. f4 Qh5 12. Qd3 Rac8 13. Rae1
a6 14. Nf3 Na5 15. e5 dxe5 16. Nxe5 Bf5 17. Qe2 Qxe2 18. Rxe2 Nxb3 19.
axb3 Ne4 20. Nxe4 Bxe4 21. Rff2 Rfd8 22. c3 Bxe5 23. fxe5 Bd5 24. b4
Bc4 25. Rd2 Rd5 26. Rxd5 Bxd5 27. Rd2 e6 28. Bg5 Kf8 29. Be3 Ke8 30.
Bc5 Rc6 31. Kf2 b6 32. Bd4 b5 33. Kg3 Kf8 34. h4 Kg7 35. Kf4 Bc4 36.
Bc5 Bd5 37. Bd4 Bc4 38. Rd1 Bd5 39. g4 h6 40. Rf1 Rc7 41. Ke3 Kg8 42.
Kd2 Bb3 43. Ra1 Rc6 44. Ra3 Bd5 45. Ke3 Kg7 46. Bc5 f6 47. exf6+ Kxf6
48. Ra1 Bc4 49. Bf8 h5 50. gxh5 gxh5 51. Rg1 Bb3 52. Bg7+ Kf7 53. Bd4
Rc8 54. Rg7+ Ke8 55. Kf4 Bd1 56. Ra7 Rc6 57. Ke5 Bg4 58. Ke4 1/2-1/2